000 00355nam a22001697a 4500
003 UA-OsUOA
001 4866
007 ta
008 20050721b un ||||| |||| 00| 0 ukr d
100 _aDachs
700 _aDavid
942 _cBK
040 _aUA-OsUOA
_cUA-OsUOA
_dUA-OsUOA
245 _aRock's Biggest Ten.
_bCulture
955 _a2
650 7 _2UDC
999 _c291028
_d291028